[Event "Mitropa Cup (Women)"]
[Site "Apolda"]
[Date "2024.02.17"]
[Round "3.1"]
[White "Heinemann, Josefine"]
[Black "Hakimifard, Ghazal"]
[Result "1/2-1/2"]
[WhiteElo "2328"]
[BlackElo "2261"]
[PlyCount "50"]
[EventDate "2024.02.15"]
[EventType "team-tourn"]
[EventRounds "9"]
[EventCountry "GER"]
[SourceTitle "CB09_2024"]
[SourceDate "2024.02.28"]
[SourceVersion "1"]
[SourceVersionDate "2024.02.28"]
[SourceQuality "1"]
[WhiteTeam "Germany (W)"]
[BlackTeam "Switzerland (W)"]
[WhiteTeamCountry "GER"]
[BlackTeamCountry "SUI"]

1. e4 c5 2. Nf3 e6 3. d4 cxd4 4. Nxd4 a6 5. Bd3 Bc5 6. Nb3 Ba7 7. 0-0 Nc6 8. Qg4 Nf6 9. Qxg7 Rg8 10. Qh6 Rg6 11. Qh4 Ne5 12. Be2 Qc7 13. Nc3 Neg4 14. Bxg4 Nxg4 15. Qxh7 Qe5 16. g3 b5 17. Bf4 Qf6 18. e5 Nxe5 19. Bxe5 Qxe5 20. Rae1 Rxg3+ 21. hxg3 Qxg3+ 22. Kh1 Qf3+ 23. Kg1 Qg3+ 24. Kh1 Qf3+ 25. Kg1 Qg3+ 1/2-1/2

[Event "EU-chT (Women) 24th"]
[Site "Budva"]
[Date "2023.11.20"]
[Round "9.4"]
[White "Hakimifard, Ghazal"]
[Black "Klek, Hanna Marie"]
[Result "1-0"]
[WhiteElo "2245"]
[BlackElo "2282"]
[PlyCount "55"]
[EventDate "2023.11.11"]
[EventType "team-swiss"]
[EventRounds "9"]
[EventCountry "MNE"]
[SourceTitle "CB47_2023"]
[SourceDate "2023.11.22"]
[SourceVersion "1"]
[SourceVersionDate "2023.11.22"]
[SourceQuality "1"]
[WhiteTeam "Switzerland (W)"]
[BlackTeam "Germany (W)"]
[WhiteTeamCountry "SUI"]
[BlackTeamCountry "GER"]

1. e4 c5 2. Nf3 d6 3. d4 cxd4 4. Nxd4 Nf6 5. Nc3 g6 6. Be3 Bg7 7. f3 Nc6 8. Qd2 0-0 9. Bc4 Nxd4 10. Bxd4 Be6 11. Bb3 Qa5 12. h4 Bxb3 13. cxb3 Rac8 14. a3 Rfe8 15. 0-0-0 b5 16. b4 Qc7 17. Kb1 Qb7 18. h5 Rc4 19. hxg6 hxg6 20. Ne2 Rec8 21. Bc3 Qc7 22. g4 d5 23. g5 Nd7 24. Bxg7 Kxg7 25. Qxd5 Ne5 26. f4 Rc2 27. fxe5 Rxe2 28. Rh7+ 1-0

[Event "SUI-ch (Women) 122nd"]
[Site "Leukerbad"]
[Date "2023.07.16"]
[Round "2"]
[White "Hakimifard, Ghazal"]
[Black "Thode, Gilda"]
[Result "1/2-1/2"]
[WhiteElo "2270"]
[BlackElo "1871"]
[PlyCount "131"]
[EventDate "2023.07.15"]
[EventType "tourn"]
[EventRounds "9"]
[EventCountry "SUI"]
[SourceTitle "CBM 215 Extra"]
[Source "ChessBase"]
[SourceDate "2023.09.30"]
[SourceVersion "1"]
[SourceVersionDate "2023.09.30"]
[SourceQuality "1"]

1. e4 e6 2. d4 d5 3. Nd2 c5 4. exd5 Qxd5 5. Ngf3 cxd4 6. Bc4 Qd7 7. 0-0 Nc6 8. Nb3 Nf6 9. Nbxd4 Nxd4 10. Nxd4 a6 11. c3 b5 12. Bb3 Bc5 13. Qe2 Bxd4 14. cxd4 Bb7 15. Rd1 0-0 16. Bg5 Nd5 17. Rac1 Rac8 18. Qg4 Kh8 19. Rc5 Rxc5 20. dxc5 Qc7 21. Rc1 Qe5 22. h4 Rc8 23. Rc2 h6 24. Bd2 Nf6 25. Qb4 Qe4 26. Qxe4 Bxe4 27. Rc1 Rc6 28. a4 Bd5 29. Bd1 Ne4 30. Be3 Bc4 31. b3 Bd5 32. f3 Nf6 33. axb5 axb5 34. Ra1 Rc8 35. Ra7 Kg8 36. b4 Ra8 37. Ra5 Bc6 38. Kf2 Nd5 39. Bd2 f6 40. Bb3 Rxa5 41. bxa5 Bb7 42. h5 Kf8 43. g4 Ke7 44. f4 Kd7 45. g5 hxg5 46. fxg5 fxg5 47. Bxg5 Nc3 48. Bc2 Nd5 49. Be4 Bc6 50. Kf3 b4 51. Bxd5 Bxd5+ 52. Ke3 e5 53. Kd3 Kc6 54. a6 Kxc5 55. Bf6 Bc4+ 56. Kd2 Kb6 57. Bxg7 Bf7 58. h6 Bg6 59. Bxe5 Kxa6 60. Ke3 Kb5 61. Kf4 Kc4 62. Kg5 Bh7 63. Kf6 Kb3 64. Kg7 Be4 65. h7 Bxh7 66. Kxh7 1/2-1/2

[Event "SUI-chT"]
[Site "Switzerland"]
[Date "2023.05.13"]
[Round "3.7"]
[White "Hakimifard, Ghazal"]
[Black "Schmidbauer, Frank"]
[Result "1/2-1/2"]
[WhiteElo "2291"]
[BlackElo "2004"]
[PlyCount "73"]
[EventDate "2023.04.16"]
[EventType "team-tourn"]
[EventRounds "9"]
[EventCountry "SUI"]
[SourceTitle "EXT 2024"]
[Source "ChessBase"]
[SourceDate "2023.10.10"]
[SourceVersion "1"]
[SourceVersionDate "2023.10.10"]
[SourceQuality "1"]
[WhiteTeam "Luzern"]
[BlackTeam "Wollishofen"]
[WhiteTeamCountry "SUI"]
[BlackTeamCountry "SUI"]

1. e4 d6 2. d4 Nf6 3. Nc3 e5 4. Nf3 Nbd7 5. Bc4 Be7 6. 0-0 0-0 7. Re1 c6 8. a4 exd4 9. Nxd4 Ne5 10. Ba2 Re8 11. h3 Bf8 12. Bg5 h6 13. Bh4 Ng6 14. Bg3 Qa5 15. Qd3 Qh5 16. f4 Bd7 17. Re2 Re7 18. Rae1 Rae8 19. Nf3 Qc5+ 20. Rf2 d5 21. Ne5 Nxe5 22. fxe5 Nxe4 23. Nxe4 dxe4 24. Qxe4 Be6 25. b4 Qb6 26. a5 Qc7 27. Bb1 g6 28. c3 Rd7 29. Bd3 Qc8 30. Ref1 Red8 31. Bc4 Bd5 32. Qf4 Re8 33. Bxd5 cxd5 34. Qd4 a6 35. Qg4 Rde7 36. Qd4 Rd7 37. Qg4 1/2-1/2

[Event "Basel Swiss YM"]
[Site "Basel"]
[Date "2023.04.15"]
[Round "9"]
[White "Asllani, Dorian"]
[Black "Hakimifard, Ghazal"]
[Result "1-0"]
[WhiteElo "2293"]
[BlackElo "2291"]
[PlyCount "65"]
[EventDate "2023.04.07"]
[EventType "tourn"]
[EventRounds "9"]
[EventCountry "SUI"]
[EventCategory "6"]
[SourceTitle "CBM 213 Extra"]
[Source "ChessBase"]
[SourceDate "2023.05.31"]
[SourceVersion "1"]
[SourceVersionDate "2023.05.31"]
[SourceQuality "1"]

1. d4 Nf6 2. c4 e6 3. Nc3 Bb4 4. Qc2 0-0 5. e4 d6 6. Bd3 Nc6 7. Nge2 Ba5 8. a3 Bb6 9. e5 Nd7 10. Bxh7+ Kh8 11. Qd3 Qh4 12. Be4 dxe5 13. Bxc6 bxc6 14. c5 exd4 15. cxb6 dxc3 16. b7 Bxb7 17. Qxd7 Rfd8 18. Qxc7 Ba6 19. Qe5 Rd5 20. Qxc3 Rad8 21. 0-0 Bxe2 22. Re1 Bb5 23. Be3 R8d7 24. b3 Rh5 25. h3 Rhd5 26. a4 Rd3 27. Qa5 Rxe3 28. Rxe3 Bd3 29. Rd1 Rd5 30. Qxa7 Be4 31. Rxd5 Bxd5 32. Qxf7 Qb4 33. Re5 1-0

[Event "Basel Swiss YM"]
[Site "Basel"]
[Date "2023.04.09"]
[Round "3"]
[White "Hakimifard, Ghazal"]
[Black "Yankelevich, Lev"]
[Result "1/2-1/2"]
[WhiteElo "2291"]
[BlackElo "2459"]
[PlyCount "118"]
[EventDate "2023.04.07"]
[EventType "tourn"]
[EventRounds "9"]
[EventCountry "SUI"]
[EventCategory "6"]
[SourceTitle "CBM 213 Extra"]
[Source "ChessBase"]
[SourceDate "2023.05.31"]
[SourceVersion "1"]
[SourceVersionDate "2023.05.31"]
[SourceQuality "1"]

1. e4 e5 2. Nf3 Nc6 3. Bb5 a6 4. Ba4 Nf6 5. 0-0 Bc5 6. d3 d6 7. c3 0-0 8. Nbd2 Ba7 9. Bc2 Kh8 10. h3 Ng8 11. Nc4 f5 12. exf5 Bxf5 13. Ne3 Bg6 14. Ng4 Qe7 15. Bg5 Qf7 16. Qd2 Rae8 17. Bb3 Qd7 18. Nh4 Bf7 19. Bc2 Bh5 20. Bd1 Bf7 21. Bc2 Be6 22. Qe2 Qf7 23. Be3 Qh5 24. Bxa7 Nxa7 25. Nf3 Bxg4 26. hxg4 Qxg4 27. Qe4 Qxe4 28. dxe4 Nc6 29. Nh4 Nf6 30. Rad1 Rb8 31. g3 a5 32. Kg2 b5 33. Rh1 Nh5 34. Bd3 Ne7 35. Nf3 Nf6 36. a3 b4 37. cxb4 axb4 38. a4 b3 39. Rc1 c5 40. a5 Nc6 41. Nh4 Rfd8 42. a6 Kg8 43. Bc4+ Kf8 44. Nf5 Ne7 45. Ne3 Nc6 46. Nd5 Nxd5 47. Bxd5 Rb6 48. Ra1 h6 49. Ra3 Ra8 50. Rha1 Ra7 51. Bxb3 Nd4 52. Bd5 Rxb2 53. R1a2 Rb6 54. f4 exf4 55. gxf4 Nc6 56. Bc4 Rb4 57. Bd5 Rb6 58. Bc4 Rb4 59. Bd5 Rb6 1/2-1/2

[Event "Basel Swiss YM"]
[Site "Basel"]
[Date "2023.04.07"]
[Round "1"]
[White "Hakimifard, Ghazal"]
[Black "Laurent Paoli, Pierre"]
[Result "0-1"]
[WhiteElo "2291"]
[BlackElo "2539"]
[PlyCount "64"]
[EventDate "2023.04.07"]
[EventType "tourn"]
[EventRounds "9"]
[EventCountry "SUI"]
[EventCategory "6"]
[SourceTitle "CBM 213 Extra"]
[Source "ChessBase"]
[SourceDate "2023.05.31"]
[SourceVersion "1"]
[SourceVersionDate "2023.05.31"]
[SourceQuality "1"]

1. e4 c5 2. Nf3 Nc6 3. Bb5 g6 4. Bxc6 bxc6 5. 0-0 Bg7 6. Re1 Qc7 7. d3 d6 8. h3 Nf6 9. e5 dxe5 10. Nxe5 Nd5 11. Qe2 0-0 12. Na3 f6 13. Nf3 e5 14. Nc4 g5 15. Nh2 Be6 16. Qh5 Bf7 17. Qf3 Nf4 18. Bxf4 gxf4 19. Nd2 f5 20. Qe2 Rae8 21. Nb3 c4 22. dxc4 e4 23. Nf1 Bxb2 24. Rab1 Be5 25. Nfd2 c5 26. Kh1 Kh8 27. Nf1 f3 28. gxf3 Bh5 29. Nbd2 Rg8 30. Ne3 Qd8 31. Red1 Qh4 32. Qf1 Qf4 0-1

[Event "Olympiad Women-44"]
[Site "Chennai"]
[Date "2022.08.06"]
[Round "8.2"]
[White "Machlik, Edit"]
[Black "Hakimifard, Ghazal"]
[Result "0-1"]
[WhiteElo "2084"]
[BlackElo "2296"]
[PlyCount "54"]
[EventDate "2022.07.29"]
[EventType "team-swiss"]
[EventRounds "11"]
[EventCountry "IND"]
[SourceTitle "CBM 210"]
[Source "ChessBase"]
[SourceDate "2022.10.31"]
[SourceVersion "1"]
[SourceVersionDate "2022.10.31"]
[SourceQuality "1"]
[WhiteTeam "Norway (W)"]
[BlackTeam "Switzerland (W)"]
[WhiteTeamCountry "NOR"]
[BlackTeamCountry "SUI"]

1. d4 Nf6 2. c4 e6 3. Nc3 Bb4 4. Qc2 d6 5. a3 Bxc3+ 6. Qxc3 0-0 7. f3 Nbd7 8. e4 e5 9. d5 c6 10. Be3 cxd5 11. cxd5 Nb6 12. Bd3 Nh5 13. Ne2 Qh4+ 14. g3 Qe7 15. g4 Nf4 16. Bxf4 exf4 17. Nxf4 f5 18. 0-0 fxe4 19. fxe4 Bxg4 20. Ng2 Nd7 21. Qc7 Qe5 22. Kh1 Nc5 23. Bc2 Bf3 24. Rae1 Rac8 25. Qxc8 Bxg2+ 26. Kxg2 Rxc8 27. Rf2 Rf8 0-1

[Event "Olympiad Women-44"]
[Site "Chennai"]
[Date "2022.08.05"]
[Round "7.2"]
[White "Hakimifard, Ghazal"]
[Black "Nandhidhaa, PV."]
[Result "0-1"]
[WhiteElo "2296"]
[BlackElo "2312"]
[PlyCount "102"]
[EventDate "2022.07.29"]
[EventType "team-swiss"]
[EventRounds "11"]
[EventCountry "IND"]
[SourceTitle "CBM 210"]
[Source "ChessBase"]
[SourceDate "2022.10.31"]
[SourceVersion "1"]
[SourceVersionDate "2022.10.31"]
[SourceQuality "1"]
[WhiteTeam "Switzerland (W)"]
[BlackTeam "India (W) III"]
[WhiteTeamCountry "SUI"]
[BlackTeamCountry "IND"]

1. e4 c5 2. Nf3 e6 3. d4 cxd4 4. Nxd4 Nc6 5. Nc3 Qc7 6. Be3 Nf6 7. Be2 Be7 8. 0-0 0-0 9. Kh1 d6 10. f4 Nxd4 11. Bxd4 e5 12. Be3 a6 13. a4 exf4 14. Rxf4 Be6 15. Nd5 Bxd5 16. exd5 Nd7 17. Bd4 Ne5 18. a5 g6 19. Bb6 Qd7 20. c4 Bg5 21. Rf1 Rac8 22. Qd4 Qe7 23. Rae1 Bh4 24. g3 Bf6 25. Qf4 Bg7 26. b4 Qd7 27. Rd1 Qa4 28. c5 Nd7 29. Bf3 Be5 30. Qh4 Qb5 31. Rfe1 Bc3 32. Re4 Nxb6 33. cxb6 Rfe8 34. Rf4 Be5 35. Re4 Rc2 36. Qh6 Rf2 37. Qe3 Rb2 38. Be2 Qa4 39. Rf1 Rxb4 40. Rxb4 Qxb4 41. Qf2 Re7 42. Bd3 Qxa5 43. Be4 Qb4 44. Qc2 Qxb6 45. Rb1 Qe3 46. Bg2 Bd4 47. Qc8+ Kg7 48. Rf1 Qd2 49. h4 Re1 50. Rxe1 Qxe1+ 51. Kh2 Be5 0-1

[Event "Olympiad Women-44"]
[Site "Chennai"]
[Date "2022.07.29"]
[Round "1.1"]
[White "De Castro, Neusa Aridas"]
[Black "Hakimifard, Ghazal"]
[Result "0-1"]
[WhiteElo "1531"]
[BlackElo "2296"]
[PlyCount "74"]
[EventDate "2022.07.29"]
[EventType "team-swiss"]
[EventRounds "11"]
[EventCountry "IND"]
[SourceTitle "CBM 210"]
[Source "ChessBase"]
[SourceDate "2022.10.31"]
[SourceVersion "1"]
[SourceVersionDate "2022.10.31"]
[SourceQuality "1"]
[WhiteTeam "Mozambique (W)"]
[BlackTeam "Switzerland (W)"]
[WhiteTeamCountry "MOZ"]
[BlackTeamCountry "SUI"]

1. e4 c5 2. Nf3 e6 3. Bc4 a6 4. d3 b5 5. Bb3 Bb7 6. c3 d6 7. Be3 Nf6 8. 0-0 Be7 9. Nbd2 0-0 10. Re1 Nbd7 11. Bc2 Rc8 12. Rc1 e5 13. Bg5 h6 14. Be3 d5 15. exd5 Nxd5 16. Nf1 f5 17. Bd2 Bd6 18. Ng3 Kh8 19. Re2 Nf4 20. Re1 Qf6 21. Nf1 Rce8 22. Bxf4 exf4 23. d4 Nb6 24. Rxe8 Rxe8 25. Qd3 Be4 26. Qe2 Re7 27. dxc5 Bxc5 28. Bb3 Nc4 29. Bxc4 bxc4 30. Qd1 Qb6 31. Qe2 Bd3 32. Qd2 Re2 33. Qxf4 Rxf2 34. Kh1 Bxf1 35. Qh4 Bxg2+ 36. Kg1 Bxf3 37. Re1 Rg2+ 0-1

[Event "Mitropa Cup (Women)"]
[Site "Corte"]
[Date "2022.05.06"]
[Round "7.1"]
[White "Gaal, Zsoka"]
[Black "Hakimifard, Ghazal"]
[Result "1-0"]
[WhiteElo "2319"]
[BlackElo "2282"]
[PlyCount "139"]
[EventDate "2022.04.30"]
[EventType "team-tourn"]
[EventRounds "9"]
[EventCountry "FRA"]
[SourceTitle "CBM 208 Extra"]
[Source "ChessBase"]
[SourceDate "2022.07.31"]
[SourceVersion "1"]
[SourceVersionDate "2022.07.31"]
[SourceQuality "1"]
[WhiteTeam "Hungary (W)"]
[BlackTeam "Switzerland (W)"]
[WhiteTeamCountry "HUN"]
[BlackTeamCountry "SUI"]

1. d4 Nf6 2. c4 e6 3. g3 d5 4. Nf3 Be7 5. Bg2 0-0 6. 0-0 dxc4 7. Qa4 a6 8. Qxc4 b5 9. Qc2 Bb7 10. Bd2 Be4 11. Qc1 Nbd7 12. Ba5 Ra7 13. Nbd2 Ba8 14. Qc2 b4 15. Rfc1 Nb6 16. a3 bxa3 17. b4 Nbd5 18. Qc4 Qb8 19. Rcb1 Rb7 20. Ne5 Rb5 21. Nd3 Nd7 22. e4 N5b6 23. Qc3 Bd6 24. Qxa3 e5 25. d5 c6 26. Bxb6 Nxb6 27. dxc6 Bxc6 28. Qxa6 Qc8 29. Bf1 Nd7 30. Rc1 Nb8 31. Qxc8 Rxc8 32. Nc4 Bc7 33. Na3 Rb6 34. Nc4 Rb5 35. Na3 Rb6 36. b5 Bxe4 37. Nxe5 Re6 38. Nec4 Nd7 39. Ne3 g6 40. Nac4 Ree8 41. Ra7 Nc5 42. b6 Bb8 43. Ra3 Ne6 44. Rd1 Red8 45. Rxd8+ Rxd8 46. Bg2 Bd3 47. Bd5 Nc5 48. Na5 Bb5 49. Rc3 Na4 50. Rb3 Be8 51. Nc6 Bxc6 52. Bxc6 Nc5 53. Rc3 Ne6 54. Bd5 Kf8 55. b7 Ke7 56. Kg2 Nf8 57. Bf3 Rd2 58. Nd5+ Kd6 59. Rc8 Nd7 60. Ne3 Ra2 61. Nc4+ Ke7 62. Bc6 Ba7 63. Rc7 Rxf2+ 64. Kh3 Rc2 65. Rxd7+ Kf6 66. Na5 h5 67. Be4 Rb2 68. Nc6 g5 69. g4 Bg1 70. b8Q 1-0

[Event "Mitropa Cup (Women)"]
[Site "Corte"]
[Date "2022.05.05"]
[Round "6.1"]
[White "Hakimifard, Ghazal"]
[Black "Unuk, Laura"]
[Result "1/2-1/2"]
[WhiteElo "2282"]
[BlackElo "2346"]
[PlyCount "42"]
[EventDate "2022.04.30"]
[EventType "team-tourn"]
[EventRounds "9"]
[EventCountry "FRA"]
[SourceTitle "CBM 208 Extra"]
[Source "ChessBase"]
[SourceDate "2022.07.31"]
[SourceVersion "1"]
[SourceVersionDate "2022.07.31"]
[SourceQuality "1"]
[WhiteTeam "Switzerland (W)"]
[BlackTeam "Slovenia (W)"]
[WhiteTeamCountry "SUI"]
[BlackTeamCountry "SLO"]

1. e4 e5 2. Nf3 Nc6 3. Bb5 a6 4. Ba4 Nf6 5. d3 Bc5 6. 0-0 b5 7. Bb3 d6 8. c3 h6 9. Re1 0-0 10. Nbd2 Ne7 11. Nf1 Ng6 12. Ng3 Rb8 13. h3 Re8 14. d4 Bb6 15. Be3 exd4 16. Nxd4 Bb7 17. Ndf5 Bxe3 18. Rxe3 Nxe4 19. Nxg7 Qf6 20. N3f5 Re5 21. Rf3 Kh8 1/2-1/2

[Event "Mitropa Cup (Women)"]
[Site "Corte"]
[Date "2022.05.04"]
[Round "5.1"]
[White "Movsesian, Julia"]
[Black "Hakimifard, Ghazal"]
[Result "1-0"]
[WhiteElo "2313"]
[BlackElo "2282"]
[PlyCount "75"]
[EventDate "2022.04.30"]
[EventType "team-tourn"]
[EventRounds "9"]
[EventCountry "FRA"]
[SourceTitle "CBM 208 Extra"]
[Source "ChessBase"]
[SourceDate "2022.07.31"]
[SourceVersion "1"]
[SourceVersionDate "2022.07.31"]
[SourceQuality "1"]
[WhiteTeam "Czech Republic (W)"]
[BlackTeam "Switzerland (W)"]
[WhiteTeamCountry "CZE"]
[BlackTeamCountry "SUI"]

1. e4 c5 2. Nf3 e6 3. d4 cxd4 4. Nxd4 a6 5. Bd3 Bc5 6. Nb3 Ba7 7. Qe2 d6 8. Be3 Nc6 9. c4 Nf6 10. Nc3 0-0 11. 0-0 Ne5 12. Bxa7 Rxa7 13. Qe3 b6 14. Be2 Qc7 15. Nd2 Bb7 16. Rac1 Qc5 17. Qg3 Raa8 18. a3 Rac8 19. Kh1 Qc7 20. f4 Ned7 21. Bd3 g6 22. Rce1 Nh5 23. Qh3 Rce8 24. Ne2 Nc5 25. Bb1 f5 26. Ng3 Nf6 27. b4 Ncd7 28. Ba2 Kh8 29. Nf3 Nxe4 30. Nxe4 fxe4 31. Ng5 Nf6 32. c5 bxc5 33. Nxe6 Rxe6 34. Qxe6 Nh5 35. bxc5 Qxc5 36. Qe7 Qc8 37. Rc1 Bc6 38. Rxc6 1-0

[Event "SUI-chT"]
[Site "Switzerland"]
[Date "2021.12.12"]
[Round "9.8"]
[White "Fischer, Daniel1111"]
[Black "Hakimifard, Ghazal"]
[Result "1-0"]
[WhiteElo "2296"]
[BlackElo "2256"]
[PlyCount "69"]
[EventDate "2021.08.29"]
[EventType "team-tourn"]
[EventRounds "9"]
[EventCountry "SUI"]
[SourceTitle "EXT 2023"]
[Source "ChessBase"]
[SourceDate "2022.10.05"]
[SourceVersion "1"]
[SourceVersionDate "2022.10.05"]
[SourceQuality "1"]
[WhiteTeam "Zuerich"]
[BlackTeam "Luzern"]
[WhiteTeamCountry "SUI"]
[BlackTeamCountry "SUI"]

1. e4 c5 2. Nf3 e6 3. d4 cxd4 4. Nxd4 a6 5. c4 Nf6 6. Nc3 Qc7 7. a3 Nc6 8. Be3 d6 9. Be2 Be7 10. Rc1 Qb8 11. g4 h6 12. h4 Bd7 13. Kd2 Qc7 14. Kc2 h5 15. gxh5 Nxd4+ 16. Bxd4 Bc6 17. Kb1 Qa5 18. Ka2 e5 19. Be3 Nxe4 20. Nd5 Bxd5 21. cxd5 Nf6 22. Qb3 b5 23. Qc2 Kf8 24. Qc6 Qd8 25. h6 gxh6 26. f4 e4 27. Bd4 Rg8 28. Bf1 Ng4 29. f5 Qe8 30. Rh3 h5 31. Rhc3 f6 32. Qb7 Kf7 33. Rc7 Rb8 34. Qxa6 Kf8 35. Rc8 1-0

[Event "EU-chT (Women) 23rd"]
[Site "Terme Catez"]
[Date "2021.11.16"]
[Round "5.2"]
[White "Hakimifard, Ghazal"]
[Black "Baginskaite, Camilla"]
[Result "0-1"]
[WhiteElo "2267"]
[BlackElo "2100"]
[PlyCount "98"]
[EventDate "2021.11.12"]
[EventType "team-swiss"]
[EventRounds "9"]
[EventCountry "SLO"]
[SourceTitle "CBM 205"]
[Source "ChessBase"]
[SourceDate "2021.12.31"]
[SourceVersion "1"]
[SourceVersionDate "2021.12.31"]
[SourceQuality "1"]
[WhiteTeam "Switzerland (W)"]
[BlackTeam "Lithuania (W)"]
[WhiteTeamCountry "SUI"]
[BlackTeamCountry "LTU"]

1. e4 c5 2. Nf3 d6 3. d4 cxd4 4. Nxd4 Nf6 5. Nc3 a6 6. g3 e5 7. Nb3 Nbd7 8. Bg2 b5 9. 0-0 Bb7 10. a4 b4 11. Nd5 Nxd5 12. exd5 a5 13. Re1 Be7 14. Bd2 0-0 15. c3 bxc3 16. Bxc3 Bg5 17. Ra3 Qc7 18. Rf1 Nc5 19. f4 Bh6 20. fxe5 dxe5 21. Kh1 Rfd8 22. Rf5 f6 23. g4 Bf4 24. Qf3 Ra6 25. Qe2 Nxb3 26. Rxb3 Rad6 27. Rxb7 Qxb7 28. Bxa5 Ra8 29. Bc3 Rxa4 30. b4 Rxb4 31. Bxb4 Qxb4 32. Rh5 Qb1+ 33. Qf1 Rb6 34. Rh3 Qc2 35. Qf3 Rb1+ 36. Bf1 Qc1 37. Kg2 e4 38. Qf2 Rb2 39. Be2 Qd2 40. Kf1 Rb1+ 41. Kg2 Rb2 42. Kf1 e3 43. Qe1 Qc2 44. Rf3 Rb1 45. Qxb1 Qxb1+ 46. Kg2 Qe4 47. Kg1 Be5 48. Rf1 Qc2 49. Re1 Bc3 0-1

[Event "EU-chT (Women) 23rd"]
[Site "Terme Catez"]
[Date "2021.11.13"]
[Round "2.11"]
[White "Urh, Zala"]
[Black "Hakimifard, Ghazal"]
[Result "0-1"]
[WhiteElo "2332"]
[BlackElo "2267"]
[PlyCount "120"]
[EventDate "2021.11.12"]
[EventType "team-swiss"]
[EventRounds "9"]
[EventCountry "SLO"]
[SourceTitle "CBM 205"]
[Source "ChessBase"]
[SourceDate "2021.12.31"]
[SourceVersion "1"]
[SourceVersionDate "2021.12.31"]
[SourceQuality "1"]
[WhiteTeam "Slovenia (W)"]
[BlackTeam "Switzerland (W)"]
[WhiteTeamCountry "SLO"]
[BlackTeamCountry "SUI"]

1. d4 Nf6 2. c4 e6 3. Nf3 b6 4. g3 Ba6 5. b3 Bb4+ 6. Bd2 Be7 7. Nc3 c6 8. e4 d5 9. Bd3 c5 10. exd5 exd5 11. dxc5 dxc4 12. Bxc4 Bxc4 13. bxc4 0-0 14. cxb6 axb6 15. 0-0 Ra3 16. Re1 Bc5 17. Qc1 Ng4 18. Re2 Qf6 19. Kg2 Nc6 20. Be1 Nce5 21. Qf4 Qxf4 22. gxf4 Nxc4 23. Rc1 Nd6 24. Nd5 Rfa8 25. h3 Nf6 26. Nxf6+ gxf6 27. Rcc2 R8a4 28. Nd2 Rxa2 29. Nb3 Rxc2 30. Rxc2 Re4 31. Bc3 Rxf4 32. Nxc5 bxc5 33. Bd2 Rc4 34. Ra2 Nf5 35. Kf3 Kg7 36. Ra7 Nd4+ 37. Ke3 Ne6 38. Kf3 f5 39. Ra8 Rc2 40. Be3 Rc3 41. Kg2 f4 42. Bd2 Rd3 43. Bc1 Rb3 44. Ra4 Rb4 45. Ra3 Kg6 46. Bd2 Rd4 47. Ba5 Kf5 48. Rc3 Ra4 49. Bb6 c4 50. f3 Ke5 51. h4 h5 52. Rc2 Kd5 53. Rd2+ Kc6 54. Bf2 Ra3 55. Be1 Rb3 56. Rc2 Kd5 57. Rd2+ Nd4 58. Ra2 Nxf3 59. Ra5+ Ke4 60. Bf2 Ne5 0-1

[Event "SUI-chT"]
[Site "Switzerland"]
[Date "2021.11.06"]
[Round "6.7"]
[White "Hakimifard, Ghazal"]
[Black "Haag, Gregor"]
[Result "1/2-1/2"]
[WhiteElo "2256"]
[BlackElo "2370"]
[PlyCount "161"]
[EventDate "2021.08.29"]
[EventType "team-tourn"]
[EventRounds "9"]
[EventCountry "SUI"]
[SourceTitle "EXT 2023"]
[Source "ChessBase"]
[SourceDate "2022.10.05"]
[SourceVersion "1"]
[SourceVersionDate "2022.10.05"]
[SourceQuality "1"]
[WhiteTeam "Luzern"]
[BlackTeam "Riehen"]
[WhiteTeamCountry "SUI"]
[BlackTeamCountry "SUI"]

1. e4 c5 2. Nf3 e6 3. d4 cxd4 4. Nxd4 Nc6 5. Nc3 Qc7 6. Be2 Nf6 7. 0-0 Be7 8. Be3 0-0 9. Kh1 d6 10. f4 Nxd4 11. Qxd4 e5 12. Qd3 b6 13. Rad1 Bb7 14. Nd5 Bxd5 15. exd5 Nd7 16. Bg4 exf4 17. Bxf4 Bf6 18. Bf5 g6 19. Bxd6 Qxd6 20. Bxd7 Bxb2 21. Bc6 Rac8 22. c3 Rc7 23. Qd4 Rd8 24. Rd2 Ba3 25. Re2 Bc5 26. Qh4 Re7 27. Rfe1 Rxe2 28. Rxe2 Kg7 29. Re1 Qf6 30. Qc4 Rd6 31. Rf1 Qe5 32. Qf4 Qxf4 33. Rxf4 Rf6 34. Rxf6 Kxf6 35. g3 Ke5 36. Kg2 Ke4 37. c4 Ke3 38. Bd7 Ba3 39. g4 f6 40. Kg3 Kd4 41. Be6 Bd6+ 42. Kg2 Kxc4 43. Bg8 h6 44. Bf7 g5 45. h4 gxh4 46. Kh3 b5 47. Kxh4 a5 48. Kh5 b4 49. Kxh6 a4 50. Be8 b3 51. axb3+ axb3 52. Ba4 b2 53. Bc2 Kxd5 54. Kg6 Be7 55. Bb1 Ke5 56. Bf5 Bd8 57. Bb1 Kf4 58. Bf5 Kg3 59. Kf7 Kf4 60. Kg6 Ke3 61. Kf7 Kd4 62. Kg6 Kd5 63. Bb1 Ke5 64. Bc2 Kd4 65. Bf5 Kc4 66. Kf7 Kd5 67. Kg6 Kd4 68. Bb1 Ke3 69. Kf5 Kf2 70. Be4 Kg3 71. Bb1 Kf3 72. Be4+ Ke2 73. Ke6 Ke3 74. Kf5 Ke2 75. Ke6 Kd2 76. Bb1 Kc1 77. Bf5 b1Q 78. Bxb1 Kxb1 79. Kd7 Ba5 80. Ke6 Bc3 81. Kf5 1/2-1/2

[Event "SUI-ch 120th"]
[Site "Flims"]
[Date "2021.07.14"]
[Round "7"]
[White "Hakimifard, Ghazal"]
[Black "Fecker, Noah"]
[Result "0-1"]
[WhiteElo "2270"]
[BlackElo "2309"]
[PlyCount "126"]
[EventDate "2021.07.08"]
[EventType "tourn"]
[EventRounds "9"]
[EventCountry "SUI"]
[EventCategory "5"]
[SourceTitle "CBM 203 Extra"]
[Source "ChessBase"]
[SourceDate "2021.09.30"]
[SourceVersion "1"]
[SourceVersionDate "2021.09.30"]
[SourceQuality "1"]

1. e4 c6 2. d4 d5 3. Nd2 dxe4 4. Nxe4 Bf5 5. Ng3 Bg6 6. h4 h6 7. Nf3 Nd7 8. h5 Bh7 9. Bd3 Bxd3 10. Qxd3 e6 11. Bd2 Ngf6 12. 0-0-0 Be7 13. Ne4 Nxe4 14. Qxe4 Nf6 15. Qe2 Qd5 16. c4 Qe4 17. Qxe4 Nxe4 18. Be3 f5 19. Rhe1 0-0 20. Re2 Rad8 21. Kc2 Bf6 22. Ne5 a6 23. Bf4 Bxe5 24. Bxe5 Nf6 25. Bc7 Rd7 26. Bb6 Nxh5 27. Re5 Rf6 28. Rde1 Kf7 29. Rh1 Nf4 30. g3 Ng6 31. Ree1 Nf8 32. f4 Rg6 33. Re3 Nh7 34. Kd3 Nf6 35. Rh3 Ne4 36. Rxe4 fxe4+ 37. Kxe4 Ke8 38. b4 Rf6 39. a4 Rdf7 40. a5 Kd7 41. Ba7 Rf8 42. Bc5 Rg8 43. Ke5 Rf7 44. Ke4 g5 45. Rxh6 gxf4 46. gxf4 Rg4 47. Ke3 Rgxf4 48. Rh8 Rf3+ 49. Ke4 Rf1 50. Bb6 Re1+ 51. Kd3 Rf3+ 52. Kd2 Ra1 53. Ke2 Rb3 54. Kd2 Ra2+ 55. Kc1 Rf3 56. Kb1 Rg2 57. Rh1 Ke7 58. Bc5+ Kf6 59. Rc1 Kf5 60. Rc2 Rxc2 61. Kxc2 Ke4 62. Kd2 Rd3+ 63. Kc2 Rxd4 0-1